Geology and mineral resources of Washington county, Oklahoma, (Record no. 27670)
[ view plain ]
| 000 -LEADER | |
|---|---|
| fixed length control field | 00842cam a22002291 4500 |
| 001 - CONTROL NUMBER | |
| control field | gs 40000327 |
| 003 - CONTROL NUMBER IDENTIFIER | |
| control field | DLC |
| 005 - DATE AND TIME OF LATEST TRANSACTION | |
| control field | 20260227111346.0 |
| 008 - FIXED-LENGTH DATA ELEMENTS--GENERAL INFORMATION | |
| fixed length control field | 780406s1940 xx 000 0 eng c |
| 010 ## - LIBRARY OF CONGRESS CONTROL NUMBER | |
| LC control number | gs 40000327 |
| 035 ## - SYSTEM CONTROL NUMBER | |
| System control number | (OCoLC)3784865 |
| 040 ## - CATALOGING SOURCE | |
| Original cataloging agency | U.S. Geol. survey. Library |
| Transcribing agency | OT |
| Modifying agency | OCoLC |
| -- | DLC |
| 050 00 - LIBRARY OF CONGRESS CALL NUMBER | |
| Classification number | QE153 |
| Item number | .A2 no. 62 |
| 051 ## - LIBRARY OF CONGRESS COPY, ISSUE, OFFPRINT STATEMENT | |
| Classification number | TN24.O5 |
| Item number | O3 |
| Copy information | Copy 2. |
| 100 1# - MAIN ENTRY--PERSONAL NAME | |
| Personal name | Oakes, Malcolm C. |
| Fuller form of name | (Malcolm Christie), |
| Dates associated with a name | 1890-1977. |
| 245 10 - TITLE STATEMENT | |
| Title | Geology and mineral resources of Washington county, Oklahoma, |
| Statement of responsibility, etc. | by Malcolm C. Oakes. |
| 260 ## - PUBLICATION, DISTRIBUTION, ETC. | |
| Place of publication, distribution, etc. | Norman, |
| Date of publication, distribution, etc. | 1940. |
| 300 ## - PHYSICAL DESCRIPTION | |
| Extent | 208 p. incl. illus., tables. |
| Other physical details | 2 fold. maps (in pocket) fold. diagr. (in pocket) |
| Dimensions | 23 cm. |
| 504 ## - BIBLIOGRAPHY, ETC. NOTE | |
| Bibliography, etc. note | Bibliographical foot-notes. |
| 650 #0 - SUBJECT ADDED ENTRY--TOPICAL TERM | |
| Topical term or geographic name entry element | Geology |
| Geographic subdivision | Oklahoma |
| -- | Washington County. |
| 650 #0 - SUBJECT ADDED ENTRY--TOPICAL TERM | |
| Topical term or geographic name entry element | Mines and mineral resources |
| Geographic subdivision | Oklahoma |
| -- | Washington County. |
No items available.